000 00279nam a2200121 a 4500
008 101022s1966|||| d
245 1 0 _aJa a tí druhí
100 1 _aLászlová, Karin
044 _axo
_cSK
260 _bSmena
_aBratislava
_c1966
020 _c10,50
041 _aslo
999 _c12106
_d12106